00478nam a2200145Ia 4500082001200000100003500012245009400047260003100141300001000172650001300182650003300195650004300228650004400271710001700315 aTD.0050 aDhadave, Mallikarjun Shankarap 0aIntegration of slums into the community : A case study of Gulbarga city (Karnataka state) c1978bBhagalpur University a389p. aGULBARGA aSLUMS - KARNATAKA - GULBARGA aSOCIAL MOBILITY - KARNATAKA - GULBARGA aCITIES AND TOWNS - KARNATAKA///GULBARGA aThakur, R.N.